Physiologie du système nerveux cérebro-spinal d'aprés l'analyse physiologique des mouvements de la vie / (Record no. 54493)

MARC details
000 -LEADER
campo de control de longitud fija 00591nam a22001815i 4500
001 - NÚMERO DE CONTROL
campo de control 54493
003 - IDENTIFICADOR DE NÚMERO DE CONTROL
campo de control ES-MaACL
005 - FECHA Y HORA DE LA ÚLTIMA TRANSACCIÓN
campo de control 20230906162949.0
007 - CAMPO FIJO DE DESCRIPCIÓN FÍSICA--INFORMACIÓN GENERAL
campo de control de longitud fija t|
008 - DATOS DE LONGITUD FIJA--INFORMACIÓN GENERAL
campo de control de longitud fija 960726s1872 fr ||||1| fre d
040 ## - FUENTE DE CATALOGACIÓN
Centro catalogador/agencia de origen CAM
Lengua de catalogación spa
Centro/agencia transcriptor CAM
100 1# - ENTRADA PRINCIPAL--NOMBRE DE PERSONA
Nombre de persona Fournié, Edouard.
9 (RLIN) 51970
245 10 - MENCIÓN DEL TÍTULO
Título Physiologie du système nerveux cérebro-spinal d'aprés l'analyse physiologique des mouvements de la vie /
Mención de responsabilidad, etc. par Edouard Fournié.
260 ## - PUBLICACIÓN, DISTRIBUCIÓN, ETC.
Lugar de publicación, distribución, etc. Paris :
Nombre del editor, distribuidor, etc. Adrien Delahaye,
Fecha de publicación, distribución, etc. 1872 (
Fabricante A. Hennuyer)
300 ## - DESCRIPCIÓN FÍSICA
Extensión XV, 832 p. ;
Dimensiones 25 cm.
650 04 - PUNTO DE ACCESO ADICIONAL DE MATERIA--TÉRMINO DE MATERIA
Término de materia o nombre geográfico como elemento de entrada Neurofisiología.
9 (RLIN) 15528
852 ## - LOCALIZACIÓN
Ubicación ES-MaACL
Número de control de estantería B-1832
Holdings
Estatus retirado Estado de pérdida Estado de daño No para préstamo Colección Biblioteca de origen Biblioteca actual Ubicación en estantería Fecha de adquisición Fuente de adquisición Total de préstamos Signatura topográfica completa Código de barras Visto por última vez Precio de reemplazo Tipo de ítem Koha
        Libros del s. XIX Biblioteca del Ateneo de Madrid Biblioteca del Ateneo de Madrid Sala Pardo Bazán 17/01/2008     B-1832 1057263 23/02/2023 23/02/2023 Libro impreso antiguo